000 01354nam a2200337Ia 4500
001 ebr10131708
003 CaPaEBR
006 m u
007 cr cn|||||||||
008 040212s2004 enk sb 001 0 eng d
010 _z 2004045108
020 _z0511211899
020 _z052183659X
040 _aCaPaEBR
_cCaPaEBR
035 _a(OCoLC)173610084
050 1 4 _aQA567.2.E44
_bH44 2004eb
245 0 0 _aHeegner points and Rankin L-series
_h[electronic resource] /
_cedited by Henri Darmon, Shou-Wu Zhang.
260 _aCambridge, UK ;
_aNew York, NY, USA :
_bCambridge University Press,
_cc2004.
300 _axiii, 367 p.
490 1 _aMathematical Sciences Research Institute publications ;
_v49
504 _aIncludes bibliographical references and index.
533 _aElectronic reproduction.
_bPalo Alto, Calif. :
_cebrary,
_d2009.
_nAvailable via World Wide Web.
_nAccess may be limited to ebrary affiliated libraries.
650 0 _aCurves, Elliptic.
650 0 _aL-functions.
655 7 _aElectronic books.
_2local
700 1 _aDarmon, Henri,
_d1965-
700 1 _aZhang, Shouwu.
710 2 _aebrary, Inc.
830 0 _aMathematical Sciences Research Institute publications ;
_v49.
856 4 0 _uhttp://site.ebrary.com/lib/rucke/Doc?id=10131708
_zAn electronic book accessible through the World Wide Web; click to view
999 _c80107
_d80107